Noms des acteurs dans Grey's Anatomy - Statistiques

Statistiques générales
  • Ce quiz a été pris 149 fois
  • Le résultat moyen est 11 sur 26
Statistiques - réponses
Hint Réponse % Correct
Meredith Grey Ellen Pompeo
99%
Derek Shepherd Patrick Dempsey
85%
Cristina Yang Sandra Oh
83%
Alex Karev Justin Chambers
61%
George O'Malley TR Knight
58%
Miranda Bailey Chandra Wilson
56%
Callie Torres Sara Ramirez
54%
Mark Sloan Eric Dane
53%
Arizona Robbins Jessica Capshaw
52%
Izzie Stevens Katherine Heighl
52%
Addison Montgomery Kate Walsh
50%
Jackson Avery Jesse Williams
46%
April Kepner Sarah Drew
45%
Lexie Grey Chyler Leigh
43%
Amelia Shepherd Caterina Scorsone
39%
Jo Wilson Camilla Luddington
37%
Owen Hunt Kevin McKidd
37%
Teddy Altman Kim Raver
30%
Richard Webber James Pickens Jr
29%
Catherine Fox Debbie Allen
17%
Ben Warren Jason George
17%
Andrew Deluca Giacomo Gianniotti
15%
Maggie Pierce Kelly Mccreary
15%
Nathan Riggs Martin Henderson
12%
Megan Hunt Abigail Spencer
7%
Carina Deluca Stefania Spamspinato
4%
Aucun quiz correspondant
Distribution des résultats
% des personnes avec chaque résultat
Percentile par nombre de réponses
Votre historique - résultats
Vous n’avez pas pris ce quiz